La ciencia de la lógica

El autor hace referencia a que su obra propone servir como contribución para el estudio científico de la lógica, mejor que para el estudio lógico de la ciencia. Procura utilizar las aportaciones más importantes que se han hecho como consecuencia de las investigaciones lógicas, especialmente a partir...

全面介绍

Guardado en:
书目详细资料
主要作者: Gortari, Eli de
格式: Texto
出版: México, D.F.: Grijalbo
主题:
标签: 添加标签
没有标签, 成为第一个标记此记录!

MARC

LEADER 00000 a a2200000 04500
001 38783
003
040
020 |a 968-419-106-5  
090 |a 1101 G675c  
100 |a Gortari, Eli de  
245 |a La ciencia de la lógica  
260 |a México, D.F.:   |b Grijalbo  
300 |a 279 p.  
520 |a El autor hace referencia a que su obra propone servir como contribución para el estudio científico de la lógica, mejor que para el estudio lógico de la ciencia. Procura utilizar las aportaciones más importantes que se han hecho como consecuencia de las investigaciones lógicas, especialmente a partir del tratamiento dialéctico de la ciencia de la lógica por parte de Hegel. De esa manera, presenta aquí a la lógica como una ciencia contemporánea, desplegando su estructura y mostrando sus funciones en plena actividad  
650 |a CIENCIA  
650 |a LOGICA  
650 |a INVESTIGACION  
650 |a APRENDIZAJE  
650 |a TEORIA  
999 |c 15706  |d 15706